Dictionary of computer/ (Record no. 12494)

MARC details
000 -LEADER
fixed length control field 00653 a2200205 4500
010 ## - LIBRARY OF CONGRESS CONTROL NUMBER
LC control number ENG-90217
020 ## - INTERNATIONAL STANDARD BOOK NUMBER
Terms of availability 150.00
035 ## - SYSTEM CONTROL NUMBER
System control number EN-73750
037 ## - SOURCE OF ACQUISITION
Source of stock number/acquisition DBAD / VEN
082 14 - DEWEY DECIMAL CLASSIFICATION NUMBER
Classification number 004.03
090 ## - LOCALLY ASSIGNED LC-TYPE CALL NUMBER (OCLC); LOCAL CALL NUMBER (OCLC)
-- 12859
-- 12859
100 1# - MAIN ENTRY--PERSONAL NAME
Personal name Salome, J. Jacinth
245 1# - TITLE STATEMENT
Title Dictionary of computer/
Statement of responsibility, etc by J. Jacinth Salome
260 ## - PUBLICATION, DISTRIBUTION, ETC. (IMPRINT)
Place of publication, distribution, etc Chennai
Name of publisher, distributor, etc Mannora Publications
Date of publication, distribution, etc 2005
260 ## - PUBLICATION, DISTRIBUTION, ETC. (IMPRINT)
Place of publication, distribution, etc Chennai
Name of publisher, distributor, etc Techno Book House
270 ## - ADDRESS
Address 37, Bunder Street, IInd Floor,
City Chennai
Postal code 600001
300 ## - PHYSICAL DESCRIPTION
Extent 375p.
Dimensions 21 cm ( Pbk.)
942 ## - ADDED ENTRY ELEMENTS (KOHA)
Institution code [OBSOLETE] dpl
Koha item type English Books
Call number prefix 004.03 / SAL
Holdings
Withdrawn status Lost status Source of classification or shelving scheme Damaged status Not for loan Collection code Home library Current library Source of acquisition Cost, normal purchase price Total Checkouts Full call number Barcode Date last seen Copy number Uniform Resource Identifier Cost, replacement price Price effective from Koha item type
    Dewey Decimal Classification   Not For Loan Non-fiction D.B.Act.Division D.B.Act.Division DBAD/PUB 150.00   004.03 EN-73750 15/09/2008 1 13754 150.00 15/09/2008 English Books

© Delhi Public Library
Hit Counter
free hit counter